Banco interamericano de desarrollo (Registro nro. 5163)
[ vista simple ]
| 000 -LEADER | |
|---|---|
| fixed length control field | 01881 a2200193 4500 |
| 001 - CONTROL NUMBER | |
| control field | 53259 |
| 005 - DATE AND TIME OF LATEST TRANSACTION | |
| control field | 20260407155807.0 |
| 008 - FIXED-LENGTH DATA ELEMENTS--GENERAL INFORMATION | |
| fixed length control field | 260407a arg spa d |
| 003 - CONTROL NUMBER IDENTIFIER | |
| control field | AR-UNSa-BCEJYS |
| 040 ## - CATALOGING SOURCE | |
| Original cataloging agency | AR-UNSa-BCEJYS |
| Language of cataloging | spa |
| Transcribing agency | AR-UNSa-BCEJYS |
| 080 ## - UNIVERSAL DECIMAL CLASSIFICATION NUMBER | |
| Universal Decimal Classification number | 336.71 |
| Common auxiliary subdivision | Bancos. Sistema bancario |
| 100 1# - MAIN ENTRY--PERSONAL NAME | |
| Personal name | Broide, Julio |
| 245 10 - TITLE STATEMENT | |
| Title | Banco interamericano de desarrollo |
| Name of part/section of a work | sus antecedentes y creación |
| 264 #1 - PRODUCTION, PUBLICATION, DISTRIBUTION, MANUFACTURE, AND COPYRIGHT NOTICE | |
| Place of production, publication, distribution, manufacture | Washington : |
| Name of producer, publisher, distributor, manufacturer | Banco Interamericano de Desarrollo |
| 300 ## - PHYSICAL DESCRIPTION | |
| Extent | 160 p. |
| Dimensions | 23 cm. |
| 505 ## - FORMATTED CONTENTS NOTE | |
| Formatted contents note | 1. La idea de creación de un organismo financiero regional en las conferencias panamericanas(1890-1938) - 2. El proyecto de Banco Interamericano del comité consultivo económico y financiero(1940) - 3. Los acuerdos de Bretton Woods(1994) y su impacto en la creación del Banco Interamericano - 4. Esbozo sobre la nueva orientación económica en las conferencias panamericanas (1945-1954) - 5. Los informes técnicos elevados a la reunión de los ministros de hacienda o economía en petrópolis(Quitandinha,Brasil, 1954) - 6. La reunión de los ministros de hacienda o economía en PetrópoliS, Quitandinha,Brasil(22 de Noviembre al 2 de Diciembre de 1954 - 7. El proyecto de convenio del Banco Interamericano de desarrollo Económico de la comisión de expertos(1955)"Proyecto de Santiago" - 8. Las iniciativas formuladas en el Bienio 1956-57 referentes al establecimiento de un organismo financiero regional - 9. Antecedentes del año 1958 sobre la creación del Banco Interamericano - 10. La negociación y redacción del convenio constitutivo del Banco Interamericano de Desarrollo (8 de enero-8 de Abril de 1959) - 11. La comisión preparatoria del Banco Interamericano de Desarrollo (15 de septiembre de 1959 al 2 de febreo de 19609 y la primera asamblea de gobernadores (3 al 16 de febrero de 1960) |
| 590 ## - LOCAL NOTE (RLIN) | |
| Local note | niveau_biblio:m niveau_hierar:0 |
| 942 ## - ADDED ENTRY ELEMENTS (KOHA) | |
| Koha item type | |
| Withdrawn status | Lost status | Damaged status | Not for loan | Home library | Current library | Shelving location | Date acquired | Total checkouts | Full call number | Barcode | Date last seen | Price effective from | Koha item type |
|---|---|---|---|---|---|---|---|---|---|---|---|---|---|
| Biblioteca Prof. Eusebio Cleto del Rey | Biblioteca Prof. Eusebio Cleto del Rey | 07/04/2026 | 336.71 B863 | L20227 | 07/04/2026 | 07/04/2026 | Libro |